La revolución Rusa en Ukrania / (Record no. 96438)

MARC details
000 -LEADER
campo de control de longitud fija 00468nam a2200169 i 4500
001 - NÚMERO DE CONTROL
campo de control 96438
003 - IDENTIFICADOR DE NÚMERO DE CONTROL
campo de control ES-MaACL
005 - FECHA Y HORA DE LA ÚLTIMA TRANSACCIÓN
campo de control 20230906181920.0
007 - CAMPO FIJO DE DESCRIPCIÓN FÍSICA--INFORMACIÓN GENERAL
campo de control de longitud fija t|
008 - DATOS DE LONGITUD FIJA--INFORMACIÓN GENERAL
campo de control de longitud fija 050617s2002 sp ||||1| spa d
100 1# - ENTRADA PRINCIPAL--NOMBRE DE PERSONA
Nombre de persona Makhno, Nestor.
9 (RLIN) 75661
245 13 - MENCIÓN DEL TÍTULO
Título La revolución Rusa en Ukrania /
Mención de responsabilidad, etc. Nestor Makhno; traducción de F. Pizana.
260 ## - PUBLICACIÓN, DISTRIBUCIÓN, ETC.
Lugar de publicación, distribución, etc. Barcelona :
Nombre del editor, distribuidor, etc. Vértice,
Fecha de publicación, distribución, etc. 1931.
300 ## - DESCRIPCIÓN FÍSICA
Extensión v. ;
Dimensiones 19 cm.
700 1# - ENTRADA AGREGADA--NOMBRE PERSONAL
Nombre de persona Pizana, F.
9 (RLIN) 92442
852 ## - LOCALIZACIÓN
Ubicación ES-MaACL
Número de control de estantería F-13663
Holdings
Estatus retirado Estado de pérdida Estado de daño No para préstamo Biblioteca de origen Biblioteca actual Ubicación en estantería Fecha de adquisición Fuente de adquisición Total de préstamos Signatura topográfica completa Código de barras Visto por última vez Precio de reemplazo Tipo de ítem Koha
        Biblioteca del Ateneo de Madrid Biblioteca del Ateneo de Madrid Sala Pecera Planta 2 17/01/2008     F-13663 1100683 23/02/2023 23/02/2023 Libro impreso